000 00553nam a22001697a 4500
003 OSt
005 20250624120432.0
008 250624b |||||||| |||| 00| 0 eng d
040 _cAIMIT LIBRARY
100 _aM, Prathyush.
_e221808
_9215884
245 _aMice developmental tissue expression profiles /
_cBy Prathyush, M.
260 _aMangalore.
_c2024.
700 _aN, Hemalatha.
_eMentor
_9215885
700 _aAcharya, Kshithish.
_eGuide
_9215886
856 _3Shodhaka Life Science Pvt Ltd, Bangalore
_uhttps://www.shodhaka.net/
942 _2ddc
_cPRO
999 _c234519
_d234519